Biblioteca

La respuesta salvífica al evangelio según la teología paulina (Registro nro. 62388)

Detalles MARC
000 -LÍDER
Campo fijo de descripción fija 01147cab a2200253 i 4500
001 - NÚMERO DE CONTROL
Campo de control 768714001
003 - IDENTIFICADOR DEL NÚMERO DE CONTROL
Campo de control CO-MdFUSB
005 - FECHA Y HORA DE LA ULTIMA TRANSACCIÓN
control field 20230112141724.0
008 - ELEMENTOS DE LONGITUD FIJA -- INFORMACIÓN GENERAL
Campo fijo de descripción fija -- Información general 161116s2007 gt ||||| |||| 00| 0 spa d
022 ## - NÚMERO INTERNACIONAL NORMALIZADO PARA PUBLICACIONES SERIADAS
Número Internacional Normalizado para Publicaciones Seriadas 1014-9341
040 ## - FUENTE DE CATALOGACIÓN
Agencia Catalogadora CO-MdFUSB
Idioma de catalogación spa
Agencia que realiza la transcripción CO-MdFUSB
Agencia que realiza la modificación CO-MdFUSB
041 ## - CÓDIGO DE IDIOMA
Código de idioma para texto/pista de sonido o título separado spa
100 1# - ASIENTO PRINCIPAL--NOMBRE PERSONAL
Nombre personal Sywulka, Pablo
Término relacionador autor
245 00 - TÍTULO
Título La respuesta salvífica al evangelio según la teología paulina
Mención de responsabilidad / Pablo Sywulka
300 ## - DESCRIPCIÓN FÍSICA
Extensión Número 41 (Julio - Diciembre, 2007), páginas 101-112
Dimensiones ; 22 cm
520 ## - NOTA DE RESUMEN, ETC.
Nota de sumario, etc. Hay confusión entre los evangélicos sobre cuál es la respuesta salvífica al evangelio. Pablo emplea los siguientes verbos para describir esta respuesta: "recibir", "escuchar", "convertirse", "creer", "confesar" y "obedecer". Recibir el evangelio es darle la bienvenida.
650 #0 - ASIENTO SECUNDARIO DE MATERIA - TERMINO TEMÁTICO
9 (RLIN) 48
Término temático o nombre geográfico como elemento de entrada Salvación
653 ## - TÉRMINO DE INDIZACIÓN - NO CONTROLADO
Término no controlado Teología paulina
653 ## - TÉRMINO DE INDIZACIÓN - NO CONTROLADO
Término no controlado Respuesta salvífica
653 ## - TÉRMINO DE INDIZACIÓN - NO CONTROLADO
Término no controlado Obedecer
773 0# - ASIENTO DE ITEM FUENTE
Título Kairós
Biblionumber 49489
Itemnumber 61217
Parte(s) relacionada(s) / Volumen., número. (mes año), páginas Número 41 (Julio - Diciembre, 2007), páginas 101-112
Enumeración y primera página Página 101
773 0# - ASIENTO DE ITEM FUENTE
Título Kairós
Biblionumber 49489
Itemnumber 61215
Parte(s) relacionada(s) / Volumen., número. (mes año), páginas Número 41 (Julio - Diciembre, 2007), páginas 101-112
Enumeración y primera página Página 101
942 ## - TIPO DE MATERIAL (KOHA)
Tipo de Item KOHA Artículos de Revista

No hay ítems disponibles.

Biblioteca FUSBC | Teléfono: (57+4) 349 88 10 Ext. 141| WhatsApp (+57) 3005338115 
E-mail: biblioteca@unisbc.edu.co | Calle 76 87-14 Robledo Palenque, Medellín, Colombia

Con tecnología Koha